Normal view
MARC view
Entry Meeting Name
001 - CONTROL NUMBER
- control field: 16397
003 - CONTROL NUMBER IDENTIFIER
- control field: OSt
005 - DATE AND TIME OF LATEST TRANSACTION
- control field: 20211105134032.0
008 - FIXED-LENGTH DATA ELEMENTS
- fixed length control field: 211105|| aca||aabn | a|a d
040 ## - CATALOGING SOURCE
- Original cataloging agency: OSt
- Transcribing agency: OSt
111 ## - HEADING--MEETING NAME
- Meeting name or jurisdiction name as entry element: Joint Commission Meeting No. 5 and Commission Meeting 37/3 on the Abundence Spread within Globular Clusters, Spectroscopy of Individual Stars
- Number of part/section/meeting: 5th
- Location of meeting: Baltimore, USA
- Date of meeting or treaty signing: 1988
670 ## - SOURCE DATA FOUND
- Source citation: Work cat.: (OSt): De Strobel, G. Cayrel 16396, The abundence spread within globular clusters, 1988